000 00303nam a2200109Ia 4500
008 230907s9999||||xx |||||||||||||| ||und||
082 _a658.26
_bDOT
100 _aDoty, Steve
_9115782
245 _aCommercial energy auditing reference handbook /
_cSteve Doty.
260 _c2019-09-27
942 _2ddc
_cEB
999 _c599617
_d599617